000
00293nam a22001097a 4500
008
160511b xxu||||| |||| 00| 0 eng d
020
_a
141605863X
041
_a
eng
080
_a
611
245
_a
Rheumatic disease clinics of North America / Scleroderma:
_c
Frederick M. Wigley;
942
_2
udc
_c
BK
999
_c
2049
_d
2049